[Event "Kasker 4"]
[Site "http://www.queenalice.com/game.php?id=1561397"]
[Date "2019.2.18"]
[Round "1"]
[White "EddieK"]
[Black "kasker"]
[Result "1/2-1/2"]
[WhiteElo "2379"]
[BlackElo "2515"]

1. Nf3 d5 2. g3 Nf6 3. Bg2 c6 4. b3 g6 5. Bb2 Bg7 6. O-O O-O 7. d3 c5 8. Nbd2
Nc6 9. a3 a5 10. Ne5 Qc7 11. Nxc6 bxc6 12. e4 a4 13. exd5 cxd5 14. c4 Bf5 15.
Re1 Bxd3 16. cxd5 axb3 17. Be5 Qb6 18. Qxb3 Qxb3 19. Nxb3 c4 20. Nd4 Ra4 21. Nc6
Re8 22. Bd4 Kf8 23. Nxe7 Ne4 24. Bxg7+ Kxg7 25. Bxe4 Rxe7 26. Bxd3 Rxe1+ 27.
Rxe1 cxd3 28. Kg2 Kf6 29. d6 g5 30. d7 Rd4 31. Kf3 1/2-1/2

[Event "USA & EUROPE"]
[Site "http://www.queenalice.com/game.php?id=1576390"]
[Date "2019.7.4"]
[Round "1"]
[White "patzer"]
[Black "kasker"]
[Result "1-0"]
[WhiteElo "2504"]
[BlackElo "2512"]

1. c4 e5 2. Nc3 Nf6 3. g3 Bb4 4. Bg2 O-O 5. e4 Nc6 6. Nge2 d6 7. O-O Bc5 8. h3
a5 9. d3 Nd4 10. Kh2 c6 11. Nxd4 Bxd4 12. f4 Re8 13. f5 h6 14. g4 Rb8 15. g5
hxg5 16. Bxg5 b6 17. Qd2 Bb7 18. Bf3 Rc8 19. Ne2 Bc5 20. Ng3 Bb4 21. Qc1 d5 22.
Rg1 Be7 23. Bh6 Bf8 24. Nh5 Nxh5 25. Bxh5 Qh4 26. Bxg7 Qxh5 27. Bf6+ Kh7 28. Rg4
dxe4 29. Rh4 Qxh4 30. Bxh4 exd3 31. Qg5 Bh6 32. Qh5 Rg8 33. Bf6 Rc7 34. h4 c5
35. Bg5 Rc6 36. Qxf7+ Rg7 37. Qh5 Rd6 38. Rf1 d2 39. f6 Rg6 40. f7 d1=Q 41. Rxd1
Bf3 42. Qxf3 1-0

[Event "jandamian"]
[Site "http://www.queenalice.com/game.php?id=1577463"]
[Date "2019.7.15"]
[Round "3"]
[White "Zorychta"]
[Black "kasker"]
[Result "1-0"]
[WhiteElo "2475"]
[BlackElo "2513"]

1. e4 c5 2. Nf3 g6 3. d4 cxd4 4. Nxd4 Nc6 5. Nc3 Bg7 6. Be3 Nf6 7. Bc4 Qa5 8.
O-O O-O 9. Bb3 d6 10. h3 Bd7 11. f4 Nxd4 12. Bxd4 Bc6 13. Nd5 Bxd5 14. exd5 Rfe8
15. Be3 Ne4 16. c3 Rac8 17. Qf3 f5 18. g4 Kh8 19. Kh2 b6 20. Rg1 Rg8 21. Qe2 b5
22. gxf5 gxf5 23. Bc2 Qc7 24. Rxg7 Kxg7 25. Bxe4 fxe4 26. Qh5 e6 27. Bd4+ Kf8
28. Qh6+ Ke8 29. Qxe6+ Kf8 30. Qf5+ Ke8 31. Re1 Qd7 32. Rxe4+ Kd8 33. Qf6+ Kc7
34. Re7 Rgd8 35. Rxd7+ Rxd7 36. Bxa7 Ra8 37. Bc5 Rxa2 38. Ba3 Ra1 39. Qf8 Rd1
40. Qa8 Rd2+ 41. Kg3 Rg7+ 42. Kh4 Rg6 43. Qc6+ Kd8 44. Bxd6 Rh6+ 45. Kg5 Rg6+
46. Kh5 1-0

[Event "Kasker 4"]
[Site "http://www.queenalice.com/game.php?id=1589255"]
[Date "2019.11.6"]
[Round "2"]
[White "kasker"]
[Black "Phil_Corrigan"]
[Result "1-0"]
[WhiteElo "2504"]
[BlackElo "2359"]

1. e4 e5 2. Nf3 Nc6 3. Bb5 Nf6 4. O-O Bc5 5. c3 O-O 6. d4 Bb6 7. a4 a6 8. Bxc6
dxc6 9. a5 Ba7 10. Qd3 Re8 11. Nbd2 Bg4 12. Re1 exd4 13. cxd4 Qd7 14. h3 Bh5 15.
b3 Rad8 16. Bb2 Bg6 17. Rac1 h6 18. Qc2 Re6 19. Re2 Nh5 20. Qc4 Nf4 21. Re3 Bh5
22. Rce1 Qe7 23. Kh2 Bg6 24. g3 Nh5 25. e5 Rd5 26. Bc3 Qd8 27. Ne4 f5 28. exf6
Nxf6 29. Nc5 Rxe3 30. Rxe3 Bxc5 31. dxc5 Bf7 32. Qb4 Rd1 33. Bxf6 Qxf6 34. Qxb7
Bd5 35. Kg2 Re1 36. Rd3 Re8 37. Qxc7 1-0

[Event "WorldCup Chess"]
[Site "http://www.queenalice.com/game.php?id=1605455"]
[Date "2020.4.2"]
[Round "2"]
[White "Nguxi59"]
[Black "kasker"]
[Result "1-0"]
[WhiteElo "2544"]
[BlackElo "2504"]

1. e4 c6 2. d4 d5 3. Nc3 dxe4 4. Nxe4 Bf5 5. Ng3 Bg6 6. h4 h6 7. Nf3 Nd7 8. h5
Bh7 9. Bd3 Bxd3 10. Qxd3 Qc7 11. Bd2 e6 12. O-O-O Ngf6 13. Ne4 O-O-O 14. g3 Nxe4
15. Qxe4 Be7 16. Kb1 Kb8 17. Bf4 Bd6 18. Bxd6 Qxd6 19. Qe2 Qd5 20. g4 Rhf8 21.
c4 Qd6 22. Qe3 Ka8 23. Rhe1 Qb4 24. Ne5 Qd6 25. f4 Nxe5 26. Qxe5 Qxe5 27. Rxe5
Rd6 28. Kc2 Kb8 29. Kc3 Kc7 30. Rde1 Rfd8 31. R1e4 Kd7 32. f5 Ke7 33. b4 Kf6 34.
a4 a6 35. b5 axb5 36. axb5 Ra8 37. fxe6 Rxe6 38. Rxe6+ fxe6 39. bxc6 bxc6 40.
Kb4 Ra6 41. Kc5 Ke7 42. Rf4 Ra4 43. Rf3 Ra6 44. Rb3 Ra4 45. Rb6 Ra8 46. Kxc6 Rd8
47. Rb7+ Kf6 48. d5 exd5 49. cxd5 Rc8+ 50. Rc7 Ra8 51. d6 Ra6+ 52. Kd7 Ra2 53.
Rc6 Kg5 54. Rc5+ Kxg4 55. Ke6 Re2+ 56. Re5 Rb2 57. d7 Rb6+ 58. Ke7 Rb7 59. Ke8
1-0

[Event "jandamian"]
[Site "http://www.queenalice.com/game.php?id=1608722"]
[Date "2020.4.21"]
[Round "4"]
[White "kasker"]
[Black "kobra23"]
[Result "1/2-1/2"]
[WhiteElo "2497"]
[BlackElo "2644"]

1. e4 e5 2. Nf3 Nc6 3. Bb5 a6 4. Ba4 Nf6 5. O-O Be7 6. Re1 b5 7. Bb3 O-O 8. c3
d5 9. exd5 Nxd5 10. Nxe5 Nxe5 11. Rxe5 c6 12. d4 Bd6 13. Re1 Qh4 14. g3 Qh3 15.
Be3 Bg4 16. Qd3 Rae8 17. Nd2 Re6 18. a4 Qh5 19. axb5 axb5 20. Qf1 Bb8 21. Bxd5
Qxd5 22. Qg2 Qh5 23. f3 Bh3 24. Qf2 Rg6 25. Nb3 Be6 26. Nc5 Bd5 27. Ra8 Qf5 28.
Na6 Bd6 29. Rxf8+ Kxf8 30. Nc5 Bxc5 31. dxc5 h5 32. Bd2 Kg8 33. b4 Qxf3 34. Qxf3
Bxf3 35. Re8+ Kh7 36. Re7 Rf6 37. Bg5 Rf5 38. h4 f6 39. Bf4 Rd5 40. Kf2 Rd3 41.
Re3 Rxe3 42. Kxe3 Bd5 1/2-1/2

[Event "USA & EUROPE"]
[Site "http://www.queenalice.com/game.php?id=1620319"]
[Date "2020.7.14"]
[Round "2"]
[White "kasker"]
[Black "Matt24"]
[Result "1/2-1/2"]
[WhiteElo "2500"]
[BlackElo "2667"]

1. e4 e5 2. Nf3 Nc6 3. Bb5 Nf6 4. O-O d6 5. d4 exd4 6. Nxd4 Bd7 7. c4 Be7 8. Nc3
Nxd4 9. Qxd4 O-O 10. Rd1 Be6 11. h3 c6 12. Ba4 Qb6 13. Be3 Qxd4 14. Rxd4 a6 15.
Bc2 b5 16. Bf4 Rfd8 17. Rad1 Ne8 18. cxb5 axb5 19. a4 Bf6 20. e5 c5 21. R4d2
dxe5 22. Rxd8 Rxd8 23. Rxd8 Bxd8 24. Bxe5 b4 25. Ne4 c4 26. Nc5 Bd5 27. b3 c3
28. Kf1 f6 29. Bd4 Nc7 30. f3 Ne6 31. Nxe6 Bxe6 32. Bc5 Ba5 33. Ke2 1/2-1/2

[Event "Kasker 4"]
[Site "http://www.queenalice.com/game.php?id=1629098"]
[Date "2020.10.5"]
[Round "4"]
[White "kasker"]
[Black "Haso"]
[Result "0-1"]
[WhiteElo "2510"]
[BlackElo "2719"]

1. e4 c5 2. Nf3 d6 3. Bb5+ Nd7 4. d4 cxd4 5. Qxd4 a6 6. Bxd7+ Bxd7 7. c4 Nf6 8.
Nc3 g6 9. Bg5 Bg7 10. Nd5 O-O 11. Bxf6 exf6 12. O-O f5 13. e5 dxe5 14. Nxe5 Bc6
15. f4 Rc8 16. Rad1 Re8 17. Rfe1 Bxd5 18. cxd5 Qd6 19. a4 Rc2 20. Re3 Rec8 21.
b3 Bf6 22. h3 Kg7 23. g4 Rc1 24. Rxc1 Rxc1+ 25. Kg2 Rc2+ 26. Kf3 Qa3 27. Rd3 Rh2
28. g5 Qc1 29. gxf6+ Kg8 30. Kg3 Qh1 31. Rd2 Rxh3+ 32. Kf2 h5 33. Qc4 Qh2+ 34.
Ke1 Qg1+ 35. Qf1 Qe3+ 36. Kd1 Qxb3+ 37. Ke2 Rh2+ 38. Ke1 Qe3+ 0-1

[Event "USA & EUROPE"]
[Site "http://www.queenalice.com/game.php?id=1646869"]
[Date "2021.3.17"]
[Round "3"]
[White "Sexxy_Bunny"]
[Black "kasker"]
[Result "1/2-1/2"]
[WhiteElo "2698"]
[BlackElo "2505"]

1. e4 c5 2. Nf3 Nc6 3. d4 cxd4 4. Nxd4 Nf6 5. Nc3 e5 6. Ndb5 d6 7. Bg5 a6 8. Na3
b5 9. Nd5 Be7 10. Bxf6 Bxf6 11. c3 Rb8 12. Nc2 Bg5 13. a4 bxa4 14. Ncb4 Nxb4 15.
cxb4 O-O 16. Rxa4 a5 17. b5 Bd7 18. Nc3 d5 19. Nxd5 Bxb5 20. Bxb5 Rxb5 21. O-O
Qb8 22. b4 axb4 23. Qb3 h5 24. Rfa1 h4 25. h3 Qd6 26. Ra7 Rbb8 27. Rb1 Rfd8 28.
Qf3 Rd7 29. Rxd7 Qxd7 30. Rxb4 Rxb4 31. Nxb4 Qd2 32. Nd5 Qc1+ 1/2-1/2

[Event "WorldCup Chess"]
[Site "http://www.queenalice.com/game.php?id=1758227"]
[Date "2021.5.1"]
[Round "3"]
[White "kasker"]
[Black "jandamian"]
[Result "1-0"]
[WhiteElo "2516"]
[BlackElo "2810"]

1. e4 c5 2. Nf3 d6 3. d4 cxd4 4. Nxd4 Nf6 5. Nc3 a6 6. Be3 e5 7. Nb3 Be7 8. f3
Be6 9. Qd2 O-O 10. O-O-O Nbd7 11. g4 b5 12. g5 Nh5 13. Nd5 Bxd5 14. exd5 f6 15.
gxf6 Rxf6 16. Na5 Nf4 17. Nc6 Qf8 18. Kb1 Bd8 19. c4 Bb6 20. cxb5 axb5 21. Bxb5
Rf7 22. Rhe1 Bxe3 23. Rxe3 Rf6 24. a4 Ng6 25. Rf1 Qf7 26. b4 Nh4 27. Kb2 Nxf3
28. Qg2 Nh4 29. Rxf6 Nxf6 30. Qc2 Ng6 31. a5 Kh8 32. Bc4 Nf4 33. Qd1 Nd7 34. b5
Nc5 35. b6 Rf8 36. Rf3 e4 37. Rf1 e3 38. Qd4 Qe8 39. Rg1 Rf7 40. a6 e2 41. Qxc5
dxc5 42. b7 Rf8 43. b8=Q Qxb8+ 44. Nxb8 Rxb8+ 45. Kc3 Ra8 46. d6 1-0

[Event "Kasker 4"]
[Site "http://www.queenalice.com/game.php?id=1760113"]
[Date "2021.5.21"]
[Round "5"]
[White "kasker"]
[Black "Cuxtal"]
[Result "0-1"]
[WhiteElo "2507"]
[BlackElo "2768"]

1. e4 c5 2. Nf3 d6 3. d4 cxd4 4. Nxd4 Nf6 5. Nc3 a6 6. Bg5 e6 7. f4 Qb6 8. Qd2
Qxb2 9. Rb1 Qa3 10. e5 dxe5 11. fxe5 Nfd7 12. Bc4 Qa5 13. O-O Nxe5 14. Rbe1 Nxc4
15. Qf4 Nd6 16. Ne4 Qc7 17. c4 Nb5 18. cxb5 Qxf4 19. Bxf4 f6 20. Nd6+ Bxd6 21.
Bxd6 axb5 22. Nxb5 Ra5 23. Rb1 Nc6 24. a3 Kf7 25. Rfc1 h5 26. Bc5 g5 27. Nd6+
Kg6 28. Nxb7 Bxb7 29. Rxb7 Rc8 30. Bb4 Raa8 31. Rb6 Nxb4 32. Rxc8 Rxc8 33. axb4
Rc1+ 34. Kf2 Rc2+ 35. Kf1 Kf5 36. b5 Rb2 37. Rb8 h4 38. b6 Kf4 39. Rc8 Rxb6 40.
Rc4+ Ke3 41. Rc3+ Kd4 42. Ra3 e5 43. Ra4+ Ke3 44. Ra3+ Kf4 45. Rf3+ Ke4 46. h3
Kd5 47. Rd3+ Ke6 48. Re3 Rb5 49. Kf2 Rb2+ 50. Kf3 f5 51. Ra3 e4+ 52. Ke3 Rxg2
53. Ra6+ Ke5 54. Ra5+ Kf6 55. Ra6+ Kg7 56. Kd4 Rf2 57. Rb6 Rf3 58. Ke5 e3 59.
Re6 g4 60. Re7+ Kg6 61. Re6+ Kf7 62. Rf6+ Kg7 63. Rc6 e2 0-1

[Event "USA & EUROPE"]
[Site "http://www.queenalice.com/game.php?id=1781267"]
[Date "2022.1.25"]
[Round "4"]
[White "priit57"]
[Black "kasker"]
[Result "1-0"]
[WhiteElo "2696"]
[BlackElo "2541"]

1. e4 c5 2. Nc3 Nc6 3. Nf3 g6 4. d4 cxd4 5. Nxd4 Bg7 6. Be3 Nf6 7. Bc4 O-O 8.
Bb3 d5 9. exd5 Na5 10. O-O Nxb3 11. Nxb3 b6 12. d6 exd6 13. Bd4 Bb7 14. Re1 Re8
15. Rxe8+ Nxe8 16. Bxg7 Nxg7 17. Qd2 Qf6 18. Rd1 Ne6 19. f3 Nf4 20. Re1 h5 21.
Nd4 h4 22. Ne4 Bxe4 23. Rxe4 g5 24. Qe3 Rc8 25. g3 Ng6 26. c3 Kg7 27. gxh4 Nxh4
28. Rg4 Ng6 29. Qxg5 Rc5 30. Qd2 Rh5 31. f4 Kh7 32. Qf2 Rh3 33. Kg2 Rh4 34.
Rxh4+ Nxh4+ 35. Kf1 Ng6 36. Qf3 Qh4 37. Qg3 Qh5 38. Ke1 Qd5 39. f5 Ne5 40. f6
Qe4+ 41. Kd2 Kh6 42. Qe3+ Qxe3+ 43. Kxe3 Nc4+ 44. Ke4 Nxb2 45. Nb5 Kg6 46. Nxa7
Na4 47. Kd4 Kxf6 48. Nb5 Ke6 49. h4 f6 50. Nc7+ Kf5 51. Nd5 Ke6 52. h5 f5 53. h6
Kf7 54. Kc4 Kg6 55. Kb5 Nc5 56. Ne7+ Kxh6 57. Nxf5+ Kg6 58. Nxd6 Kf6 59. a4 Ke6
60. Nc4 Ne4 61. Kxb6 Nxc3 62. a5 Kd7 63. Kb7 Nd5 64. Nb6+ Nxb6 65. axb6 Kd8 66.
Ka7 1-0

[Event "Kasker 5"]
[Site "http://www.queenalice.com/game.php?id=1786191"]
[Date "2022.4.2"]
[Round "2"]
[White "Sidinei"]
[Black "kasker"]
[Result "0-1"]
[WhiteElo "2697"]
[BlackElo "2536"]

1. e4 c5 2. Nc3 Nc6 3. Nf3 g6 4. d4 cxd4 5. Nxd4 Bg7 6. Be3 Nf6 7. Bc4 Qc7 8.
Bb3 O-O 9. f3 a6 10. Qd2 b5 11. O-O-O Na5 12. h4 e5 13. Nde2 Bb7 14. h5 Nxb3+
15. axb3 b4 16. Na4 d5 17. Bb6 Qc6 18. Bc5 Rfe8 0-1

[Event "Kasker 5"]
[Site "http://www.queenalice.com/game.php?id=1797237"]
[Date "2022.10.2"]
[Round "3"]
[White "kasker"]
[Black "parapunzi"]
[Result "1-0"]
[WhiteElo "2547"]
[BlackElo "2592"]

1. e4 e6 2. d4 d5 3. e5 c5 4. c3 Nc6 5. Nf3 Qb6 6. a3 Be7 7. b4 cxd4 8. cxd4 Bd7
9. Nc3 a6 10. Bf4 Qa7 11. Rc1 Bd8 12. Be3 Nge7 13. Bd3 b5 14. O-O h6 15. h4 Bb6
16. Bb1 Rc8 17. Re1 Qb7 18. h5 Rb8 19. Nh4 Rc8 20. Qg4 1-0

[Event "Kasker 5"]
[Site "http://www.queenalice.com/game.php?id=1814357"]
[Date "2023.6.19"]
[Round "4"]
[White "acid"]
[Black "kasker"]
[Result "1/2-1/2"]
[WhiteElo "2776"]
[BlackElo "2556"]

1. c4 e5 2. g3 Nc6 3. Bg2 Bc5 4. e3 Nf6 5. a3 d5 6. b4 Be7 7. cxd5 Nxd5 8. Bb2
Be6 9. b5 Na5 10. Bxe5 O-O 11. Ne2 Qd7 12. O-O a6 13. bxa6 Rxa6 14. Nbc3 Nb6 15.
Nf4 Nbc4 16. Nxe6 Rxe6 17. Bf4 g5 18. d3 Nb6 19. Bxg5 Bxg5 20. Qh5 h6 21. Ne4
Nb3 22. Rad1 Be7 23. d4 Qa4 24. Rb1 Rd8 25. Qg4+ Rg6 26. Qd1 Nxd4 27. exd4 Rxd4
28. Qf3 Re6 29. Rfe1 1/2-1/2

[Event "Kasker 5"]
[Site "http://www.queenalice.com/game.php?id=1822412"]
[Date "2023.10.5"]
[Round "5"]
[White "kasker"]
[Black "Jo_AnnaSummer"]
[Result "1/2-1/2"]
[WhiteElo "2560"]
[BlackElo "2501"]

1. e4 e5 2. Nf3 Nf6 3. Nxe5 d6 4. Nf3 Nxe4 5. d4 d5 6. Bd3 Bd6 7. O-O O-O 8. c4
c6 9. Nc3 Nxc3 10. bxc3 dxc4 11. Bxc4 Bf5 12. Bg5 Qc7 13. Re1 Nd7 14. Nh4 Bg6
15. Nxg6 hxg6 16. Qf3 Nb6 17. Bb3 Rae8 18. g3 Be7 19. Bd2 Qd7 20. Kg2 Bf6 21.
Rh1 c5 22. Rad1 cxd4 23. cxd4 Rc8 24. h4 Rfd8 25. h5 g5 26. h6 g4 27. Qe4 Qc6
28. Qxc6 Rxc6 29. h7+ Kh8 30. Bxf7 Nd5 31. Rhe1 Rc2 32. Re4 Rxa2 33. Rxg4 a5 34.
Re4 b5 35. g4 g5 36. Bxd5 Rxd5 37. Rh1 Rd8 38. Be3 Ra4 39. Rh5 Rc4 40. Bxg5 Bxg5
41. Rxg5 Rcxd4 42. Rxd4 Rxd4 43. Kg3 Rd7 44. Rxb5 Ra7 45. g5 Kxh7 46. Kg4 a4 47.
Kf4 a3 48. Rb1 a2 49. Ra1 1/2-1/2

[Event "kasker -2"]
[Site "http://www.queenalice.com/game.php?id=1838797"]
[Date "2024.6.17"]
[Round "1"]
[White "kasker"]
[Black "Ahlkhanvio"]
[Result "1/2-1/2"]
[WhiteElo "2559"]
[BlackElo "2613"]

1. e4 c6 2. d4 d5 3. e5 c5 4. dxc5 e6 5. Be3 Nd7 6. Bb5 Ne7 7. Bd4 Qc7 8. b4 a5
9. c3 Nf5 10. a3 g5 11. h4 g4 12. f4 gxf3 13. Nxf3 axb4 14. cxb4 Bg7 15. Nc3 O-O
16. Bxd7 Bxd7 17. O-O Nxd4 18. Qxd4 f6 19. Qd3 fxe5 20. Ng5 e4 21. Ncxe4 Bb5 22.
Qxb5 Bxa1 23. Rxa1 h6 24. Rd1 hxg5 25. Nxg5 Qg3 26. Qe2 Rae8 27. Rd4 Rf4 28. Qh5
Qf2+ 29. Kh1 Re7 30. Qg6+ Kh8 31. Qh6+ 1/2-1/2

[Event "kasker -2"]
[Site "http://www.queenalice.com/game.php?id=1862147"]
[Date "2025.8.25"]
[Round "2"]
[White "FLEURY"]
[Black "kasker"]
[Result "1/2-1/2"]
[WhiteElo "2743"]
[BlackElo "2560"]

1. e4 c5 2. c3 d5 3. exd5 Qxd5 4. Nf3 Nf6 5. d4 Nc6 6. dxc5 Qxd1+ 7. Kxd1 Bf5 8.
Be3 Nd5 9. Kc1 e6 10. b4 Bxb1 11. Kxb1 Nxc3+ 12. Kc2 Nd5 13. a3 Be7 14. Bc4
Nxe3+ 15. fxe3 O-O-O 16. g4 h6 17. Raf1 Bf6 18. h4 Kc7 19. Rhg1 a6 20. g5 hxg5
21. hxg5 Be7 22. Rg4 f6 23. gxf6 Bxf6 24. Re4 b6 25. cxb6+ Kxb6 26. Bxe6 a5 27.
bxa5+ Kxa5 28. Rb1 Rb8 29. Rxb8 Nxb8 30. Ne5 Na6 31. Nc4+ Kb5 32. Bd7+ Kc5 33.
Bf5 Kb5 34. Bd7+ Kc5 35. Bf5 Kb5 1/2-1/2